| 000 | 00916nam a2200181 i 4500 | ||
|---|---|---|---|
| 001 | 3679 | ||
| 003 | ES-MaACL | ||
| 005 | 20250902073146.0 | ||
| 008 | 200220s1967 sp |||| | spa d | ||
| 245 | 0 | 0 |
_aFamilias numerosas _b: Protección a las familias numerosas: Ley de 13 diciembre de 1943 y Reglamento de 31 de marzo de 1944, al día, con modificaciones y aclaraciones. Disposiciones sobre beneficios de educación, fiscales, viajes, colonización, viviendas y otros. Deducciones en el impuesto sobre los rendimientos del trabajo personal aplicables desde 1º de enero de 1967 y 1º de enero de 1968. |
| 260 |
_aMadrid : _bGarcía Enciso, _c1967. |
||
| 300 |
_a94 p. ; _c16 cm. |
||
| 490 | 1 | _aColección "García Enciso" | |
| 650 | 4 |
_aFamilias numerosas- _zEspaña- _vLegislación. _9169659 |
|
| 830 | 0 | 0 |
_aColección "García Enciso" _9176884 |
| 852 |
_aES-MaACL _jP-1332-25 |
||
| 999 |
_c3679 _d3679 |
||